Las grandes líneas de la filosofía de la moral
Guardat en:
| Autor principal: | |
|---|---|
| Format: | Llibre |
| Idioma: | espanyol |
| Publicat: |
Madrid
Gredos
1977
|
| Col·lecció: | Biblioteca hispánica de filosofía, 1
|
| Matèries: | |
| Etiquetes: |
Afegir etiqueta
Sense etiquetes, Sigues el primer a etiquetar aquest registre!
|
MARC
| LEADER | 00000cam a2200000 a 4500 | ||
|---|---|---|---|
| 001 | UCY4773 | ||
| 003 | CL-VaPUC | ||
| 008 | 950328e19770000SP |||||||||||||||||spa|d | ||
| 082 | 0 | 4 | |a 170 |b LEC |2 21 |
| 100 | |a Leclercq, Jacques |e author |9 581394 | ||
| 245 | 1 | 4 | |a Las grandes líneas de la filosofía de la moral |
| 300 | |a 431 p | ||
| 942 | |c BK | ||
| 945 | |d 19950328 00:00:00 |a rbrito | ||
| 260 | |a Madrid |b Gredos |c 1977 | ||
| 650 | 0 | |a Ética |9 255099 | |
| 650 | 0 | |a Conducta |9 269782 | |
| 583 | |a last modification |c 20151112 03:08:59 |k Rodrigo Vera | ||
| 490 | 0 | |a Biblioteca hispánica de filosofía, 1 | |
| 999 | |c 232541 |d 232539 | ||
| 952 | |0 0 |1 0 |4 0 |6 170_000000000000000_LEC_1977 |7 0 |8 A |9 237219 |a BIBEDU |b BIBEDU |d 2019-11-15 |i 3069567 |o 170 LEC 1977 |p 3069567 |r 2019-11-15 |w 2019-11-15 |y BK |k EDU | ||
| 952 | |0 0 |1 0 |4 0 |6 170_000000000000000_LEC_1977 |7 0 |8 A |9 237220 |a BIBEDU |b BIBEDU |d 2019-11-15 |i 1563084 |o 170 LEC 1977 |p 1563084 |r 2019-11-15 |w 2019-11-15 |y BK |k FIL | ||
| 952 | |0 0 |1 0 |3 erb |4 0 |6 170_000000000000000_LEC_1977 |7 0 |8 A |9 237221 |a BIBTEO |b BIBTEO |i 5270243 |o 170 LEC 1977 |p 5270243 |r 2025-01-17 |w 2019-11-15 |y BK |z Catalogado en:20151112 |k ICR | ||